00511nam a2200157 a 4500001001000000003000400010005001700014008004100031040002500072082001500097245008000112260006100192300002000253500005000273504003000323000020974OSt20201112092946.0100825s1977 dr r 000 0 spa d aDO-SdBNPbspacBNPHU axxxxbC56904aLas ciencias políticas en la República Dominicana :buna evaluación / aSanto Domingo :bAsociación para el desarrollo,c1977. a85 p. ;c20 cm. aFondo para el avance de las ciencias sociales aBibliografía : p. 83-85